[Event "Unterfranken-ch HB 60th"]
[Site "Obernau"]
[Date "2009.04.16"]
[Round "6"]
[White "Freund, Frank"]
[Black "Endemann, Ingo"]
[Result "1-0"]
[WhiteElo "1561"]
[BlackElo "1313"]
[PlyCount "47"]
[EventDate "2009.04.13"]
[EventType "swiss"]
[EventRounds "9"]
[EventCountry "GER"]
[SourceTitle "EXT 2015"]
[Source "ChessBase"]
[SourceDate "2014.11.20"]
[SourceVersion "1"]
[SourceVersionDate "2014.11.20"]
[SourceQuality "1"]

1. e4 e5 2. Nf3 Nc6 3. Bc4 Nf6 4. d3 d5 5. exd5 Nxd5 6. Ng5 Be7 7. Nxf7 Kxf7 8. Qf3+ Ke8 9. Bxd5 Rf8 10. Bxc6+ Bd7 11. Bxd7+ Qxd7 12. Qxb7 Kf7 13. Nc3 Kg8 14. Qb5 Qxb5 15. Nxb5 Bc5 16. Be3 Bd6 17. c4 c5 18. f3 Rab8 19. b3 h6 20. h3 g5 21. Ke2 Rf7 22. Nc3 a6 23. Ne4 Be7 24. Nxc5 1-0

[Event "Unterfranken-ch HB 60th"]
[Site "Obernau"]
[Date "2009.04.13"]
[Round "2"]
[White "Endemann, Ingo"]
[Black "Lueders, Christian"]
[Result "1/2-1/2"]
[WhiteElo "1313"]
[BlackElo "1406"]
[PlyCount "39"]
[EventDate "2009.04.13"]
[EventType "swiss"]
[EventRounds "9"]
[EventCountry "GER"]
[SourceTitle "EXT 2015"]
[Source "ChessBase"]
[SourceDate "2014.11.20"]
[SourceVersion "1"]
[SourceVersionDate "2014.11.20"]
[SourceQuality "1"]

1. e4 c6 2. d4 d5 3. Nc3 dxe4 4. Nxe4 Nf6 5. Nxf6+ gxf6 6. Nf3 Bg4 7. Be2 Nd7 8. Bf4 Qa5+ 9. c3 0-0-0 10. 0-0 h5 11. Nd2 Qf5 12. Bxg4 hxg4 13. Bg3 Bh6 14. Qe2 Qh5 15. Qxe7 f5 16. Qd6 f4 17. Bxf4 Bxf4 18. Qxf4 Rdg8 19. Qg3 f5 20. f4 1/2-1/2